Curso de derecho del trabajo y de la seguridad social (Registro nro. 1600)

Detalles MARC
000 -LEADER
fixed length control field 01323 a2200217 4500
001 - CONTROL NUMBER
control field 27521
005 - DATE AND TIME OF LATEST TRANSACTION
control field 20260407155550.0
008 - FIXED-LENGTH DATA ELEMENTS--GENERAL INFORMATION
fixed length control field 260407a2000 arg spa d
003 - CONTROL NUMBER IDENTIFIER
control field AR-UNSa-BCEJYS
040 ## - CATALOGING SOURCE
Original cataloging agency AR-UNSa-BCEJYS
Language of cataloging spa
Transcribing agency AR-UNSa-BCEJYS
080 ## - UNIVERSAL DECIMAL CLASSIFICATION NUMBER
Universal Decimal Classification number 349.2
Common auxiliary subdivision Derecho del Trabajo
100 1# - MAIN ENTRY--PERSONAL NAME
Personal name Rodríguez Mancini, Jorge
245 10 - TITLE STATEMENT
Title Curso de derecho del trabajo y de la seguridad social
250 ## - EDITION STATEMENT
Edition statement 4a. ed.
264 #1 - PRODUCTION, PUBLICATION, DISTRIBUTION, MANUFACTURE, AND COPYRIGHT NOTICE
Place of production, publication, distribution, manufacture Buenos Aires :
Name of producer, publisher, distributor, manufacturer Astrea
Date of production, publication, distribution, manufacture, or copyright notice 2000
300 ## - PHYSICAL DESCRIPTION
Extent lv, 900 p.
Dimensions 20 cm.
505 ## - FORMATTED CONTENTS NOTE
Formatted contents note 1. El trabajo humano - 2. Política social y laboral - 3. Derecho del trabajo. Fundamentos - 4. Relación jurídica individual - 5. Desarrollo de la relación - 6. Alteraciones en el desarrollo de la relación - 7. Extinción de la relación laboral - 8. Relaciones jurídicas colectivas - 9. Relación de asociación - 10. Relación de negociación - 11. Relación de conflicto - 12. Relaciones jurídicas con el estado - 13. Derecho Internacional Público - 14. Prescripción y caducidad - 15. Seguridad social - 16. Instituciones jurídicas de la seguridad social - 17. Sistema legal argentino - 18. Régimen contencioso de la seguridad social -
590 ## - LOCAL NOTE (RLIN)
Local note niveau_biblio:m niveau_hierar:0
856 41 - ELECTRONIC LOCATION AND ACCESS
Uniform Resource Identifier <a href="https://170.210.207.44/pmb/images/libros/L86067.jpg">https://170.210.207.44/pmb/images/libros/L86067.jpg</a>
Link text Imagen de portada
Electronic format type image/jpeg
942 ## - ADDED ENTRY ELEMENTS (KOHA)
Koha item type
Existencias
Withdrawn status Lost status Damaged status Not for loan Home library Current library Shelving location Date acquired Total checkouts Full call number Barcode Date last seen Price effective from Koha item type
        Biblioteca Prof. Eusebio Cleto del Rey Biblioteca Prof. Eusebio Cleto del Rey   07/04/2026   349.2 R696 4ed. L86065 07/04/2026 07/04/2026 Libro
        Biblioteca Prof. Eusebio Cleto del Rey Biblioteca Prof. Eusebio Cleto del Rey   07/04/2026   349.2 R696 4ed. L86067 07/04/2026 07/04/2026 Libro
        Biblioteca Prof. Eusebio Cleto del Rey Biblioteca Prof. Eusebio Cleto del Rey   07/04/2026   349.2 R696 4ed. L86068 07/04/2026 07/04/2026 Libro
        Biblioteca Prof. Eusebio Cleto del Rey Biblioteca Prof. Eusebio Cleto del Rey   07/04/2026   349.2 R696 4ed. L86066 07/04/2026 07/04/2026 Libro
        Biblioteca Prof. Eusebio Cleto del Rey Biblioteca Prof. Eusebio Cleto del Rey   07/04/2026   349.2 R696 4ed. L86069 07/04/2026 07/04/2026 Libro